Personnages d'anime (manga) en images - E - Statistiques

Statistiques générales
  • Ce quiz a été pris 264 fois
    234 depuis la dernière actualisation
  • Le résultat moyen est 4 sur 20
Statistiques - réponses
Par images Réponse % Correct
Emma
86%
Ebisu
56%
Eijiro Kirishima
53%
Elfman Strauss
33%
Erina Nakiri
32%
Envy
20%
Eugeo
16%
Eris Boreas Greyrat
12%
Esidisi
9%
Elsie/Erzy Crimson
8%
Emi Yusa/Emilia Justina
7%
Ein
5%
Ekubo
5%
Elizabeth
5%
Eiko Tsukimi
3%
Elias Ainsworth
3%
Eijun Sawamura
2%
Elaina
1%
Enju Aihara
1%
Eldarie Irma Fanomenel
0%
Aucun quiz correspondant
Distribution des résultats
% des personnes avec chaque résultat
Percentile par nombre de réponses
Votre historique - résultats
Vous n’avez pas pris ce quiz depuis la dernière actualisation